000 00755nam a2200241Ia 4500
001 20463
003 GE_BSU
008 181216s||||||||xx |||||||||||||| ||und||
020 _a99928-722-0-X
040 _cGE_BSU
080 _a81'25
100 _aჯაში, მარინა., ჯაში, ქეთევან
245 _aთარგმნის ტექნიკა.
260 _aთბილისი
260 _bგამ-ბა "ენა და კულტურა"-ს სტ
260 _c2003
300 _a106გვ. ; 20სმ..
541 _h4ლ.55თ.
653 _aთარგმნის ტექნიკა.
653 _aქართული ენა
653 _aქსეროქსი
942 _cBK
999 _c53420
_d53420